[Event "English Schools Championship Final 2024"]
[Site "Nottingham University Kings Meadow Campus, United Kingdom"]
[Date "2024.06.27"]
[Round "2.14"]
[White "Hill, Charlie"]
[Black "Kothari, Jai"]
[Result "0-1"]
[TimeControl "G50' + 10\" per move."]
[WhiteFideId "343401791"]
[BlackFideId "477117"]
[WhiteElo "1688"]
[BlackElo "2129"]

1. d4 {[%clk 00:50:17]} {[%emt 00:00:03]} Nf6 {[%clk 00:50:13]} {[%emt
00:00:06]} 2. Bf4 {[%clk 00:50:17]} {[%emt 00:00:10]} c5 {[%clk 00:50:10]}
{[%emt 00:00:14]} 3. e3 {[%clk 00:50:24]} {[%emt 00:00:03]} d5 {[%clk
00:50:13]} {[%emt 00:00:07]} 4. Nc3 {[%clk 00:50:28]} {[%emt 00:00:06]} a6
{[%clk 00:49:49]} {[%emt 00:00:34]} 5. dxc5 {[%clk 00:50:22]} {[%emt 00:00:15]}
Nc6 {[%clk 00:49:48]} {[%emt 00:00:11]} 6. Nf3 {[%clk 00:49:31]} {[%emt
00:01:01]} e6 {[%clk 00:49:46]} {[%emt 00:00:13]} 7. Na4 {[%clk 00:49:36]}
{[%emt 00:00:05]} Bxc5 {[%clk 00:49:35]} {[%emt 00:00:21]} 8. Nxc5 {[%clk
00:49:43]} {[%emt 00:00:03]} Qa5+ {[%clk 00:49:33]} {[%emt 00:00:12]} 9. c3
{[%clk 00:49:44]} {[%emt 00:00:08]} Qxc5 {[%clk 00:49:39]} {[%emt 00:00:05]} 10.
Bd3 {[%clk 00:49:42]} {[%emt 00:00:12]} a5 {[%clk 00:46:40]} {[%emt 00:03:09]}
11. a4 {[%clk 00:48:36]} {[%emt 00:01:16]} O-O {[%clk 00:44:12]} {[%emt
00:02:38]} 12. O-O {[%clk 00:46:37]} {[%emt 00:02:08]} Re8 {[%clk 00:43:28]}
{[%emt 00:00:54]} 13. Ne5 {[%clk 00:38:47]} {[%emt 00:08:01]} Nd7 {[%clk
00:42:32]} {[%emt 00:01:05]} 14. Bxh7+ {[%clk 00:34:50]} {[%emt 00:04:07]} Kf8
{[%clk 00:42:10]} {[%emt 00:00:32]} 15. Nxc6 {[%clk 00:23:01]} {[%emt
00:11:59]} bxc6 {[%clk 00:41:42]} {[%emt 00:00:39]} 16. Qd4 {[%clk 00:22:11]}
{[%emt 00:00:59]} e5 {[%clk 00:41:21]} {[%emt 00:00:32]} 17. Qxc5+ {[%clk
00:20:46]} {[%emt 00:01:35]} Nxc5 {[%clk 00:39:55]} {[%emt 00:01:35]} 18. Bg5
{[%clk 00:20:50]} {[%emt 00:00:07]} g6 {[%clk 00:39:20]} {[%emt 00:00:43]} 19.
Bh6+ {[%clk 00:18:46]} {[%emt 00:02:15]} Ke7 {[%clk 00:39:21]} {[%emt
00:00:09]} 20. Bg7 {[%clk 00:17:51]} {[%emt 00:01:06]} f6 {[%clk 00:39:05]}
{[%emt 00:00:26]} 21. Bxg6 {[%clk 00:15:39]} {[%emt 00:02:21]} Rg8 {[%clk
00:38:35]} {[%emt 00:00:40]} 22. Bc2 {[%clk 00:13:09]} {[%emt 00:02:40]} Rxg7
{[%clk 00:38:32]} {[%emt 00:00:14]} 23. f3 {[%clk 00:12:01]} {[%emt 00:01:18]}
Rb8 {[%clk 00:38:28]} {[%emt 00:00:13]} 24. Ra2 {[%clk 00:08:19]} {[%emt
00:03:52]} Ba6 {[%clk 00:36:52]} {[%emt 00:01:46]} 25. Rd1 {[%clk 00:07:38]}
{[%emt 00:00:51]} Bc4 {[%clk 00:36:02]} {[%emt 00:01:00]} 26. b3 {[%clk
00:07:08]} {[%emt 00:00:41]} Bxb3 {[%clk 00:36:03]} {[%emt 00:00:09]} 27. Bxb3
{[%clk 00:07:15]} {[%emt 00:00:02]} Rxb3 {[%clk 00:36:03]} {[%emt 00:00:10]} 28.
Rc2 {[%clk 00:06:06]} {[%emt 00:01:19]} Nxa4 {[%clk 00:34:29]} {[%emt
00:01:44]} 29. c4 {[%clk 00:06:08]} {[%emt 00:00:09]} Rc3 {[%clk 00:34:36]}
{[%emt 00:00:03]} 30. Ra2 {[%clk 00:04:55]} {[%emt 00:01:22]} Rxc4 {[%clk
00:34:20]} {[%emt 00:00:26]} 31. Rda1 {[%clk 00:05:03]} {[%emt 00:00:02]} Nc5
{[%clk 00:34:19]} {[%emt 00:00:11]} 32. Rxa5 {[%clk 00:05:04]} {[%emt
00:00:10]} Kd6 {[%emt 00:01:11]} 33. R5a2 {[%clk 00:04:06]} d4 {[%clk
00:34:24]} {[%emt 00:00:11]} 34. exd4 {[%clk 00:03:52]} {[%emt 00:00:24]} exd4
{[%clk 00:34:28]} {[%emt 00:00:06]} 35. Rd1 {[%clk 00:03:16]} {[%emt 00:00:46]}
Kd5 {[%clk 00:34:32]} {[%emt 00:00:07]} 36. Kf2 {[%clk 00:03:13]} {[%emt
00:00:13]} d3 {[%clk 00:34:32]} {[%emt 00:00:09]} 37. Rdd2 {[%clk 00:02:37]}
{[%emt 00:00:46]} Kd4 {[%clk 00:34:33]} {[%emt 00:00:10]} 38. g4 {[%clk
00:02:22]} {[%emt 00:00:25]} Kc3 {[%clk 00:34:17]} {[%emt 00:00:25]} 39. Ke3
{[%clk 00:02:01]} {[%emt 00:00:29]} Re7 {[%clk 00:34:26]} {[%emt 00:00:04]} 40.
Kf2 {[%clk 00:02:09]} {[%emt 00:00:02]} Nb3 {[%clk 00:34:27]} {[%emt 00:00:09]}
41. Ra3 {[%clk 00:01:31]} {[%emt 00:00:48]} Kxd2 {[%clk 00:34:30]} {[%emt
00:00:06]} 42. Rxb3 {[%clk 00:01:34]} {[%emt 00:00:07]} Kc2 {[%clk 00:34:37]}
{[%emt 00:00:04]} 43. Ra3 {[%clk 00:01:28]} {[%emt 00:00:16]} d2 {[%clk
00:34:33]} {[%emt 00:00:14]} 44. Ra2+ {[%clk 00:01:37]} Kd3 {[%clk 00:34:37]}
{[%emt 00:00:07]} 45. Ra8 {[%clk 00:01:15]} {[%emt 00:00:32]} d1=Q {[%emt
00:00:12]} 46. Rd8+ {[%clk 00:01:16]} {[%emt 00:00:07]} Rd4 {[%clk 00:34:39]}
{[%emt 00:00:07]} 47. Rxd4+ {[%clk 00:00:51]} {[%emt 00:00:35]} Kxd4 {[%clk
00:34:44]} {[%emt 00:00:05]} 48. Kg3 {[%clk 00:00:46]} {[%emt 00:00:16]} Qg1+
{[%clk 00:34:35]} {[%emt 00:00:19]} 49. Kf4 {[%clk 00:00:50]} {[%emt 00:00:06]}
Re5 {[%clk 00:34:32]} {[%emt 00:00:12]} 0-1

[Event "English Schools Championship Final 2024"]
[Site "Nottingham University Kings Meadow Campus, United Kingdom"]
[Date "2024.06.27"]
[Round "2.15"]
[White "Shidlagatta, Anirudh"]
[Black "Dong, Vincent"]
[Result "1-0"]
[TimeControl "G50' + 10\" per move."]
[WhiteFideId "469475"]
[WhiteElo "1918"]
[BlackElo "1621"]

1. Nf3 {[%clk 00:50:15]} {[%emt 00:00:06]} d5 {[%clk 00:50:13]} {[%emt
00:00:05]} 2. g3 {[%clk 00:50:21]} {[%emt 00:00:04]} Nf6 {[%clk 00:50:14]}
{[%emt 00:00:09]} 3. Bg2 {[%clk 00:50:26]} {[%emt 00:00:05]} e6 {[%clk
00:50:04]} {[%emt 00:00:21]} 4. O-O {[%clk 00:50:28]} {[%emt 00:00:08]} Be7
{[%clk 00:49:55]} {[%emt 00:00:18]} 5. c4 {[%clk 00:50:29]} {[%emt 00:00:09]}
O-O {[%clk 00:49:48]} {[%emt 00:00:18]} 6. b3 {[%clk 00:50:34]} {[%emt
00:00:05]} c5 {[%clk 00:49:35]} {[%emt 00:00:23]} 7. cxd5 {[%clk 00:50:31]}
{[%emt 00:00:13]} Nxd5 {[%clk 00:49:01]} {[%emt 00:00:43]} 8. Bb2 {[%clk
00:50:11]} {[%emt 00:00:30]} Nc6 {[%clk 00:48:35]} {[%emt 00:00:36]} 9. Nc3
{[%clk 00:45:57]} {[%emt 00:04:24]} Nxc3 {[%clk 00:45:26]} {[%emt 00:03:19]} 10.
Bxc3 {[%clk 00:45:43]} {[%emt 00:00:24]} Bf6 {[%clk 00:44:38]} {[%emt
00:00:58]} 11. Rc1 {[%clk 00:45:47]} {[%emt 00:00:06]} Bxc3 {[%clk 00:36:40]}
{[%emt 00:08:08]} 12. Rxc3 {[%clk 00:45:50]} {[%emt 00:00:07]} Qd6 {[%clk
00:35:17]} {[%emt 00:01:33]} 13. d3 {[%clk 00:43:44]} {[%emt 00:02:16]} Bd7
{[%clk 00:31:10]} {[%emt 00:04:17]} 14. Nd2 {[%clk 00:43:09]} {[%emt 00:00:45]}
Rac8 {[%clk 00:25:31]} {[%emt 00:05:49]} 15. Ne4 {[%clk 00:42:45]} {[%emt
00:00:33]} Qe7 {[%clk 00:24:14]} {[%emt 00:01:28]} 16. Nxc5 {[%clk 00:40:15]}
{[%emt 00:02:40]} b6 {[%clk 00:19:23]} {[%emt 00:05:01]} 17. Nxd7 {[%clk
00:38:21]} {[%emt 00:02:04]} Qxd7 {[%clk 00:19:25]} {[%emt 00:00:07]} 18. Bxc6
{[%clk 00:37:14]} {[%emt 00:01:17]} Rxc6 {[%clk 00:19:27]} {[%emt 00:00:08]} 19.
Rc4 {[%clk 00:35:58]} {[%emt 00:01:27]} Rfc8 {[%clk 00:18:32]} {[%emt
00:01:05]} 20. Qc1 {[%clk 00:34:15]} {[%emt 00:01:53]} Rc5 {[%clk 00:17:16]}
{[%emt 00:01:26]} 21. Qb2 {[%clk 00:32:27]} {[%emt 00:01:58]} Qb7 {[%clk
00:15:51]} {[%emt 00:01:35]} 22. Rfc1 {[%clk 00:32:07]} {[%emt 00:00:30]} Qd5
{[%clk 00:13:48]} {[%emt 00:02:11]} 23. Rxc5 {[%clk 00:30:58]} {[%emt
00:01:20]} Rxc5 {[%clk 00:13:14]} {[%emt 00:00:45]} 24. Rc4 {[%clk 00:30:51]}
{[%emt 00:00:17]} Kf8 {[%clk 00:12:21]} {[%emt 00:01:02]} 25. Qc3 {[%clk
00:28:09]} {[%emt 00:02:53]} Qe5 {[%clk 00:09:30]} {[%emt 00:03:01]} 26. Rxc5
{[%clk 00:26:57]} {[%emt 00:01:21]} Qxc5 {[%clk 00:08:46]} {[%emt 00:00:55]} 27.
Qxc5+ {[%clk 00:26:59]} {[%emt 00:00:08]} bxc5 {[%clk 00:08:52]} {[%emt
00:00:04]} 28. Kf1 {[%clk 00:27:00]} {[%emt 00:00:09]} Ke7 {[%clk 00:08:44]}
{[%emt 00:00:18]} 29. Ke1 {[%clk 00:26:53]} {[%emt 00:00:17]} Kd6 {[%clk
00:08:33]} {[%emt 00:00:21]} 30. Kd2 {[%clk 00:26:50]} {[%emt 00:00:13]} Kd5
{[%clk 00:08:00]} {[%emt 00:00:43]} 31. Kc3 {[%clk 00:26:50]} {[%emt 00:00:10]}
f5 {[%clk 00:07:57]} {[%emt 00:00:13]} 32. f3 {[%clk 00:25:53]} {[%emt
00:01:06]} Kc6 {[%clk 00:07:12]} {[%emt 00:00:54]} 33. d4 {[%clk 00:25:29]}
{[%emt 00:00:35]} Kd5 {[%clk 00:05:34]} {[%emt 00:01:49]} 34. dxc5 {[%clk
00:23:26]} {[%emt 00:02:13]} Kxc5 {[%clk 00:05:36]} {[%emt 00:00:08]} 35. b4+
{[%clk 00:23:31]} {[%emt 00:00:05]} Kd5 {[%clk 00:05:37]} {[%emt 00:00:09]} 36.
Kd3 {[%clk 00:22:46]} {[%emt 00:00:54]} g5 {[%clk 00:05:23]} {[%emt 00:00:24]}
37. e4+ {[%clk 00:22:04]} {[%emt 00:00:53]} Kd6 {[%clk 00:03:55]} {[%emt
00:01:38]} 38. a4 {[%clk 00:20:50]} {[%emt 00:01:23]} h5 {[%clk 00:02:46]}
{[%emt 00:01:19]} 39. f4 {[%clk 00:19:52]} {[%emt 00:01:08]} gxf4 {[%clk
00:01:48]} {[%emt 00:01:08]} 40. gxf4 {[%clk 00:19:48]} {[%emt 00:00:14]} h4
{[%clk 00:01:29]} {[%emt 00:00:29]} 41. h3 {[%clk 00:19:07]} {[%emt 00:00:51]}
e5 {[%clk 00:01:03]} {[%emt 00:00:37]} 42. exf5 {[%clk 00:18:41]} {[%emt
00:00:36]} exf4 {[%clk 00:01:05]} {[%emt 00:00:08]} 43. Ke4 {[%clk 00:18:42]}
{[%emt 00:00:08]} f3 {[%clk 00:00:54]} {[%emt 00:00:21]} 44. Kxf3 {[%clk
00:18:46]} {[%emt 00:00:06]} Ke5 {[%clk 00:00:59]} {[%emt 00:00:05]} 45. Kg4
{[%clk 00:18:47]} {[%emt 00:00:10]} Kd5 {[%emt 00:00:51]} 1-0

[Event "English Schools Championship Final 2024"]
[Site "Nottingham University Kings Meadow Campus, United Kingdom"]
[Date "2024.06.27"]
[Round "2.16"]
[White "McDonald Mupinyuri, Tj"]
[Black "Wang, Luoke"]
[Result "0-1"]
[TimeControl "G50' + 10\" per move."]
[BlackFideId "499293"]
[WhiteElo "1817"]
[BlackElo "1953"]

1. e4 {[%clk 00:50:17]} {[%emt 00:00:02]} c5 {[%clk 00:50:15]} {[%emt
00:00:06]} 2. Nc3 {[%clk 00:50:17]} {[%emt 00:00:10]} Nc6 {[%clk 00:50:18]}
{[%emt 00:00:07]} 3. f4 {[%clk 00:50:10]} {[%emt 00:00:17]} d6 {[%clk
00:49:52]} {[%emt 00:00:35]} 4. Nf3 {[%clk 00:49:57]} {[%emt 00:00:24]} g6
{[%clk 00:49:54]} {[%emt 00:00:07]} 5. Bb5 {[%clk 00:49:48]} {[%emt 00:00:20]}
Bd7 {[%clk 00:49:41]} {[%emt 00:00:22]} 6. d3 {[%clk 00:49:13]} {[%emt
00:00:46]} Bg7 {[%clk 00:49:34]} {[%emt 00:00:17]} 7. O-O {[%clk 00:48:55]}
{[%emt 00:00:28]} e6 {[%clk 00:49:02]} {[%emt 00:00:42]} 8. Be3 {[%clk
00:47:22]} {[%emt 00:01:43]} Nge7 {[%clk 00:47:50]} {[%emt 00:01:22]} 9. d4
{[%clk 00:42:33]} {[%emt 00:05:00]} cxd4 {[%clk 00:42:03]} {[%emt 00:05:55]} 10.
Nxd4 {[%clk 00:40:24]} {[%emt 00:02:20]} O-O {[%clk 00:40:27]} {[%emt
00:01:46]} 11. Nxc6 {[%clk 00:39:17]} {[%emt 00:01:16]} bxc6 {[%clk 00:38:32]}
{[%emt 00:02:05]} 12. Ba4 {[%clk 00:37:09]} {[%emt 00:02:19]} Qc7 {[%clk
00:34:55]} {[%emt 00:03:46]} 13. Qf3 {[%clk 00:31:39]} {[%emt 00:05:41]} Rab8
{[%clk 00:32:21]} {[%emt 00:02:43]} 14. Bb3 {[%clk 00:30:28]} {[%emt 00:01:21]}
c5 {[%clk 00:30:53]} {[%emt 00:01:37]} 15. Qe2 {[%clk 00:24:41]} {[%emt
00:05:59]} Rfc8 {[%clk 00:29:19]} {[%emt 00:01:44]} 16. Ba4 {[%clk 00:20:27]}
{[%emt 00:04:24]} Rxb2 {[%clk 00:27:14]} {[%emt 00:02:15]} 17. Bxd7 {[%clk
00:20:02]} {[%emt 00:00:35]} Qxd7 {[%clk 00:27:21]} {[%emt 00:00:03]} 18. Qd2
{[%clk 00:17:51]} {[%emt 00:02:22]} d5 {[%clk 00:25:03]} {[%emt 00:02:26]} 19.
f5 {[%clk 00:12:53]} {[%emt 00:05:09]} gxf5 {[%clk 00:23:09]} {[%emt 00:02:04]}
20. Bh6 {[%clk 00:12:08]} {[%emt 00:00:55]} Bxh6 {[%clk 00:20:12]} {[%emt
00:03:07]} 21. Qxh6 {[%clk 00:12:10]} {[%emt 00:00:08]} dxe4 {[%emt 00:10:33]}
22. Rad1 {[%clk 00:03:30]} Qb7 {[%clk 00:16:34]} {[%emt 00:02:14]} 23. Rf4
{[%clk 00:01:23]} {[%emt 00:02:18]} Ng6 {[%clk 00:14:19]} {[%emt 00:02:24]} 24.
Nxe4 {[%clk 00:00:31]} {[%emt 00:01:03]} fxe4 {[%clk 00:13:46]} {[%emt
00:00:42]} 25. Rg4 {[%clk 00:00:13]} {[%emt 00:00:29]} Rb1 {[%clk 00:12:45]}
{[%emt 00:01:11]} 26. Rc1 {[%emt 00:00:14]} Qb2 {[%clk 00:12:13]} {[%emt
00:00:40]} 27. Rxb1 {[%clk 00:00:12]} {[%emt 00:00:09]} Qxb1+ {[%clk 00:11:52]}
{[%emt 00:00:31]} 28. Kf2 {[%clk 00:00:20]} {[%emt 00:00:02]} Qxc2+ {[%clk
00:11:50]} {[%emt 00:00:12]} 29. Ke3 {[%clk 00:00:12]} {[%emt 00:00:18]} Qd3+
{[%clk 00:11:49]} {[%emt 00:00:11]} 30. Kf2 {[%clk 00:00:19]} {[%emt 00:00:03]}
Rb8 {[%clk 00:11:05]} {[%emt 00:00:53]} 31. h4 {[%clk 00:00:16]} {[%emt
00:00:14]} Rb2+ {[%clk 00:11:07]} {[%emt 00:00:07]} 32. Kg1 {[%clk 00:00:19]}
{[%emt 00:00:08]} Qd1+ {[%clk 00:11:12]} {[%emt 00:00:04]} 33. Kh2 {[%clk
00:00:27]} {[%emt 00:00:02]} Qxg4 {[%clk 00:11:16]} {[%emt 00:00:07]} 0-1

[Event "English Schools Championship Final 2024"]
[Site "Nottingham University Kings Meadow Campus, United Kingdom"]
[Date "2024.06.27"]
[Round "2.17"]
[White "Lapidus, Alexey M"]
[Black "Rook, Todd"]
[Result "1/2-1/2"]
[TimeControl "G50' + 10\" per move."]
[WhiteFideId "24276111"]
[WhiteElo "1781"]
[BlackElo "1643"]

1. e4 {[%clk 00:50:19]} {[%emt 00:52:18]} d5 {[%clk 00:50:18]} {[%emt
00:00:05]} 2. exd5 {[%clk 00:50:22]} {[%emt 00:00:06]} Qxd5 {[%clk 00:50:23]}
{[%emt 00:00:05]} 3. Nc3 {[%clk 00:50:09]} {[%emt 00:00:23]} Qd6 {[%clk
00:50:27]} {[%emt 00:00:05]} 4. d4 {[%clk 00:48:14]} {[%emt 00:02:05]} Nf6
{[%clk 00:50:25]} {[%emt 00:00:12]} 5. Bc4 {[%clk 00:44:52]} {[%emt 00:03:33]}
c6 {[%clk 00:50:10]} {[%emt 00:00:25]} 6. Nge2 {[%clk 00:42:59]} {[%emt
00:02:03]} Bf5 {[%clk 00:49:47]} {[%emt 00:00:33]} 7. Bf4 {[%clk 00:42:03]}
{[%emt 00:01:06]} Qb4 {[%clk 00:49:27]} {[%emt 00:00:30]} 8. Bd3 {[%clk
00:35:23]} {[%emt 00:06:49]} Bg6 {[%clk 00:48:38]} {[%emt 00:00:59]} 9. O-O
{[%clk 00:34:49]} {[%emt 00:00:45]} Nbd7 {[%clk 00:47:50]} {[%emt 00:00:58]} 10.
a3 {[%clk 00:31:33]} {[%emt 00:03:26]} Qb6 {[%clk 00:47:06]} {[%emt 00:00:53]}
11. b4 {[%clk 00:28:59]} {[%emt 00:02:45]} e6 {[%clk 00:45:00]} {[%emt
00:02:15]} 12. Na4 {[%clk 00:25:53]} {[%emt 00:03:16]} Qd8 {[%clk 00:44:33]}
{[%emt 00:00:37]} 13. c4 {[%clk 00:24:49]} {[%emt 00:01:14]} Nb6 {[%clk
00:39:51]} {[%emt 00:04:52]} 14. Nc5 {[%clk 00:22:36]} {[%emt 00:02:24]} Qc8
{[%clk 00:37:51]} {[%emt 00:02:09]} 15. Ng3 {[%clk 00:20:48]} {[%emt 00:01:58]}
Be7 {[%clk 00:36:25]} {[%emt 00:01:36]} 16. h4 {[%clk 00:19:24]} {[%emt
00:01:34]} Bxd3 {[%clk 00:33:51]} {[%emt 00:02:45]} 17. Qxd3 {[%clk 00:19:14]}
{[%emt 00:00:19]} h6 {[%clk 00:32:56]} {[%emt 00:01:05]} 18. h5 {[%clk
00:18:05]} {[%emt 00:01:18]} O-O {[%clk 00:30:00]} {[%emt 00:01:50]} 19. Nce4
{[%clk 00:12:52]} {[%emt 00:06:39]} Nbd7 {[%clk 00:29:47]} {[%emt 00:00:24]} 20.
Qf3 {[%clk 00:06:52]} {[%emt 00:06:10]} Nxe4 {[%clk 00:29:17]} {[%emt
00:00:40]} 21. Nxe4 {[%clk 00:06:43]} {[%emt 00:00:19]} Nb6 {[%clk 00:28:35]}
{[%emt 00:00:52]} 22. Qe2 {[%clk 00:04:11]} {[%emt 00:02:40]} Rd8 {[%clk
00:28:13]} {[%emt 00:00:33]} 23. Rfd1 {[%clk 00:04:09]} {[%emt 00:00:13]} Qd7
{[%clk 00:28:05]} {[%emt 00:00:18]} 24. Nc5 {[%clk 00:03:52]} {[%emt 00:00:27]}
Qc8 {[%clk 00:27:21]} {[%emt 00:00:53]} 25. Be5 {[%clk 00:02:59]} {[%emt
00:01:04]} Nd7 {[%clk 00:26:25]} {[%emt 00:00:47]} 26. Nxd7 {[%clk 00:02:22]}
{[%emt 00:01:06]} Qxd7 {[%clk 00:25:50]} {[%emt 00:00:45]} 27. Qg4 {[%clk
00:02:02]} {[%emt 00:00:30]} f6 {[%clk 00:25:37]} {[%emt 00:00:23]} 28. Bf4
{[%clk 00:01:40]} {[%emt 00:00:32]} f5 {[%clk 00:25:16]} {[%emt 00:00:32]} 29.
Qg6 {[%clk 00:01:14]} {[%emt 00:00:36]} Bf6 {[%clk 00:24:24]} {[%emt 00:01:01]}
30. Rd2 {[%clk 00:00:34]} {[%emt 00:00:50]} Qf7 {[%clk 00:24:00]} {[%emt
00:00:34]} 31. Qxf7+ {[%clk 00:00:21]} {[%emt 00:00:23]} Kxf7 {[%clk 00:24:08]}
{[%emt 00:00:02]} 32. Rad1 {[%clk 00:00:27]} {[%emt 00:00:04]} Rd7 {[%clk
00:24:06]} {[%emt 00:00:12]} 33. Be5 {[%clk 00:00:21]} {[%emt 00:00:15]} Bg5
{[%clk 00:24:12]} {[%emt 00:00:04]} 34. f4 {[%clk 00:00:18]} {[%emt 00:00:14]}
Bf6 {[%clk 00:24:15]} {[%emt 00:00:07]} 35. d5 {[%clk 00:00:18]} {[%emt
00:00:11]} Rad8 {[%clk 00:24:03]} {[%emt 00:00:21]} 36. dxe6+ {[%clk 00:00:17]}
{[%emt 00:00:11]} Kxe6 {[%clk 00:24:10]} {[%emt 00:00:03]} 37. Rxd7 {[%clk
00:00:20]} {[%emt 00:00:08]} Rxd7 {[%clk 00:24:17]} {[%emt 00:00:03]} 38. Rxd7
{[%clk 00:00:22]} {[%emt 00:00:08]} Kxd7 {[%clk 00:24:14]} {[%emt 00:00:12]} 39.
Bxf6 {[%clk 00:00:26]} {[%emt 00:00:06]} gxf6 {[%clk 00:24:22]} {[%emt
00:00:02]} 40. Kf2 {[%clk 00:00:30]} {[%emt 00:00:06]} Ke6 {[%clk 00:24:08]}
{[%emt 00:00:24]} 41. Ke3 {[%clk 00:00:31]} {[%emt 00:00:10]} b5 {[%clk
00:23:46]} {[%emt 00:00:32]} 42. Kd4 {[%clk 00:00:19]} {[%emt 00:00:21]} Kd6
{[%clk 00:23:30]} {[%emt 00:00:25]} 43. cxb5 {[%clk 00:00:14]} {[%emt
00:00:16]} cxb5 {[%clk 00:23:19]} {[%emt 00:00:21]} 44. Ke3 {[%clk 00:00:15]}
{[%emt 00:00:08]} Kd5 {[%clk 00:23:18]} {[%emt 00:00:12]} 45. Kd3 {[%clk
00:00:20]} {[%emt 00:00:05]} a6 {[%clk 00:23:13]} {[%emt 00:00:15]} 46. g3
{[%clk 00:00:27]} {[%emt 00:00:03]} Kc6 {[%clk 00:22:59]} {[%emt 00:00:24]} 47.
Kc3 {[%clk 00:00:21]} {[%emt 00:00:16]} 1/2-1/2

[Event "English Schools Championship Final 2024"]
[Site "Nottingham University Kings Meadow Campus, United Kingdom"]
[Date "2024.06.27"]
[Round "2.18"]
[White "Hwang, Josh"]
[Black "Sharma, Naavya"]
[Result "0-1"]
[TimeControl "G50' + 10\" per move."]
[BlackFideId "463132"]
[WhiteElo "1533"]
[BlackElo "1759"]

1. e4 {[%clk 00:48:37]} {[%emt 00:01:42]} c6 {[%clk 00:50:14]} {[%emt
00:00:06]} 2. d4 {[%clk 00:48:45]} {[%emt 00:00:02]} d5 {[%clk 00:50:16]}
{[%emt 00:00:08]} 3. e5 {[%clk 00:48:54]} {[%emt 00:00:02]} c5 {[%clk
00:50:19]} {[%emt 00:00:07]} 4. c3 {[%clk 00:48:44]} {[%emt 00:00:19]} Nc6
{[%clk 00:50:13]} {[%emt 00:00:16]} 5. Nf3 {[%clk 00:48:38]} {[%emt 00:00:16]}
Bg4 {[%clk 00:49:29]} {[%emt 00:00:54]} 6. Be2 {[%clk 00:48:11]} {[%emt
00:00:37]} e6 {[%clk 00:49:30]} {[%emt 00:00:09]} 7. Be3 {[%clk 00:47:20]}
{[%emt 00:01:02]} Nge7 {[%clk 00:47:24]} {[%emt 00:02:15]} 8. h3 {[%clk
00:47:09]} {[%emt 00:00:21]} Bxf3 {[%clk 00:47:27]} {[%emt 00:00:08]} 9. Bxf3
{[%clk 00:47:06]} {[%emt 00:00:13]} Nf5 {[%clk 00:46:35]} {[%emt 00:01:01]} 10.
Bg4 {[%clk 00:46:03]} {[%emt 00:01:14]} cxd4 {[%clk 00:44:37]} {[%emt
00:02:07]} 11. Bxd4 {[%clk 00:45:22]} {[%emt 00:00:51]} Nfxd4 {[%clk 00:44:29]}
{[%emt 00:00:18]} 12. cxd4 {[%clk 00:45:20]} {[%emt 00:00:12]} Qb6 {[%clk
00:44:15]} {[%emt 00:00:23]} 13. Qb3 {[%clk 00:44:52]} {[%emt 00:00:38]} Qxb3
{[%clk 00:43:20]} {[%emt 00:01:06]} 14. axb3 {[%clk 00:44:53]} {[%emt
00:00:10]} Nxd4 {[%clk 00:43:24]} {[%emt 00:00:05]} 15. Bd1 {[%clk 00:44:22]}
{[%emt 00:00:41]} Bb4+ {[%clk 00:41:12]} {[%emt 00:02:22]} 16. Nd2 {[%clk
00:43:48]} {[%emt 00:00:44]} O-O {[%clk 00:40:09]} {[%emt 00:01:13]} 17. Ra4
{[%clk 00:42:44]} {[%emt 00:01:14]} a5 {[%clk 00:39:55]} {[%emt 00:00:24]} 18.
Be2 {[%clk 00:42:37]} {[%emt 00:00:16]} b5 {[%clk 00:37:45]} {[%emt 00:02:20]}
19. Ra2 {[%clk 00:40:19]} {[%emt 00:02:29]} Nxb3 {[%clk 00:37:09]} {[%emt
00:00:46]} 20. Bxb5 {[%clk 00:36:23]} {[%emt 00:04:07]} Nxd2 {[%clk 00:36:08]}
{[%emt 00:01:11]} 21. Kd1 {[%clk 00:35:47]} {[%emt 00:00:46]} Ne4 {[%clk
00:34:04]} {[%emt 00:02:13]} 22. b3 {[%clk 00:34:38]} {[%emt 00:01:19]} Nc3+
{[%clk 00:34:07]} {[%emt 00:00:07]} 23. Kc2 {[%clk 00:33:14]} {[%emt 00:01:34]}
Nxa2 {[%clk 00:34:06]} {[%emt 00:00:11]} 24. Bd3 {[%clk 00:32:59]} {[%emt
00:00:25]} Rfc8+ {[%clk 00:33:46]} {[%emt 00:00:30]} 25. Kb2 {[%clk 00:32:46]}
{[%emt 00:00:23]} Nc3 {[%clk 00:33:42]} {[%emt 00:00:15]} 26. Rc1 {[%clk
00:32:05]} {[%emt 00:00:50]} d4 {[%clk 00:33:04]} {[%emt 00:00:48]} 27. g4
{[%clk 00:31:37]} {[%emt 00:00:38]} Rc5 {[%clk 00:32:40]} {[%emt 00:00:33]} 28.
f4 {[%clk 00:31:21]} {[%emt 00:00:27]} Nd5 {[%clk 00:32:15]} {[%emt 00:00:35]}
29. f5 {[%clk 00:30:29]} {[%emt 00:01:02]} Ba3+ {[%clk 00:31:57]} {[%emt
00:00:28]} 30. Kxa3 {[%clk 00:30:11]} {[%emt 00:00:28]} Rxc1 {[%clk 00:32:04]}
{[%emt 00:00:03]} 31. Be4 {[%clk 00:29:59]} {[%emt 00:00:22]} Rb8 {[%clk
00:31:44]} {[%emt 00:00:30]} 32. fxe6 {[%clk 00:29:30]} {[%emt 00:00:40]} fxe6
{[%clk 00:31:51]} {[%emt 00:00:02]} 0-1